<?xml version="1.0" encoding="UTF-8"?><?xml-stylesheet type="text/xsl" href="static/style.xsl"?><OAI-PMH xmlns="http://www.openarchives.org/OAI/2.0/" xmlns:xsi="http://www.w3.org/2001/XMLSchema-instance" xsi:schemaLocation="http://www.openarchives.org/OAI/2.0/ http://www.openarchives.org/OAI/2.0/OAI-PMH.xsd"><responseDate>2026-06-01T06:39:50Z</responseDate><request verb="GetRecord" identifier="oai:riuma.uma.es:10630/3663" metadataPrefix="marc">https://riuma.uma.es/rest/oai/request</request><GetRecord><record><header><identifier>oai:riuma.uma.es:10630/3663</identifier><datestamp>2026-02-03T12:48:38Z</datestamp><setSpec>com_10630_27</setSpec><setSpec>com_10630_3139</setSpec><setSpec>com_10630_10</setSpec><setSpec>col_10630_552</setSpec></header><metadata><record xmlns="http://www.loc.gov/MARC21/slim" xmlns:dcterms="http://purl.org/dc/terms/" xmlns:doc="http://www.lyncode.com/xoai" xmlns:xsi="http://www.w3.org/2001/XMLSchema-instance" xsi:schemaLocation="http://www.loc.gov/MARC21/slim http://www.loc.gov/standards/marcxml/schema/MARC21slim.xsd">
   <leader>00925njm 22002777a 4500</leader>
   <datafield ind2=" " ind1=" " tag="042">
      <subfield code="a">dc</subfield>
   </datafield>
   <datafield ind2=" " ind1=" " tag="720">
      <subfield code="a">Pazo, J. P.</subfield>
      <subfield code="e">author</subfield>
   </datafield>
   <datafield ind2=" " ind1=" " tag="720">
      <subfield code="a">Romarís, X.M.</subfield>
      <subfield code="e">author</subfield>
   </datafield>
   <datafield ind2=" " ind1=" " tag="260">
      <subfield code="c">1979</subfield>
   </datafield>
   <datafield ind2=" " ind1=" " tag="520">
      <subfield code="a">Se han estudiado las poblaciones de Fucus vesiculosus L. en tres estaciones de la Ría de Vigo en dos ocasiones: verano de 1975 y verano de 1978. Se efectuaron análisis biométricos, de número de vesículas, proporción de vesículas axilares y otros parámetros. Los datos obtenidos permiten afirmar que la «reseptentrionalización» de las costas gallegas se mantiene en el momento presente.</subfield>
   </datafield>
   <datafield ind2=" " ind1=" " tag="520">
      <subfield code="a">The populations of Fucus vesiculosus L. at three stations of Ría de Vigo was studied in two times: summer of 1975 and summer of 1978. We make biometric analysis, number of vesicles, percentage of axillary, vesicles and other parameters. The dates obtained permits assert that the reseptentrionalisation of galician coasts is maintained at present moment.</subfield>
   </datafield>
   <datafield ind1="8" ind2=" " tag="024">
      <subfield code="a">Acta Botánica Malacitana, Nº 5&#xd;
, 1979, Págs. 67&#xd;
-78</subfield>
   </datafield>
   <datafield ind1="8" ind2=" " tag="024">
      <subfield code="a">02109506</subfield>
   </datafield>
   <datafield ind1="8" ind2=" " tag="024">
      <subfield code="a">http://hdl.handle.net/10630/3663</subfield>
   </datafield>
   <datafield ind2="0" ind1="0" tag="245">
      <subfield code="a">Estado actual de las poblaciones de "Fucus vesiculosus L. (Algae Phaeophyta)" en la Ría de Vigo</subfield>
   </datafield>
</record>
</metadata></record></GetRecord></OAI-PMH>